000 00695cam a22002052 4500
001 0000000035
005 20151217161126.0
008 070108s xx 000 0 eng d
020 _a0415003237 :
_cGBP 195.00
040 _aKABU
_cKABU
245 1 3 _aAn Encyclopaedia of philosophy /
_cGeneral editor: G. H. R. Parkinson; associate editors, T. E. Burke ... [et al.]
260 _aLondon :
_bRoutledge,
_c1988.
300 _axi, 935 p. ;
_c24 cm.
504 _aIncludes bibliographical references and index.
650 0 _aPhilosophy.
_@0000147995
700 1 _aParkinson, G. H. R.
_@0000147998
908 _a070108
950 _@1
999 _c14824
_d14824